| 000 | 00792nam a22002417a 4500 | ||
|---|---|---|---|
| 999 |
_c20631 _d20631 |
||
| 003 | AR-CdUCM | ||
| 008 | 190221b ||||| |||| 00| 0 spa d | ||
| 020 | _a9972670023 | ||
| 040 |
_aMUNICIPALIDAD PROVINCIAL DEL CUSCO _cBIBLIOTECA MUNICIPAL DEL CUSCO |
||
| 082 |
_a985.004 / _bJ44 |
||
| 100 |
_aJessup, Ronald _943114 |
||
| 245 | _a25.000 años de historia subterránea / | ||
| 260 |
_aBarcelona : _bDaimon, _c1957. |
||
| 300 |
_a69 páginas ; _c35 cm. |
||
| 440 |
_aEnciclopedia juvenil del siglo XX _943115 |
||
| 505 | _aContenido: El pasado nos plantea un enigma -- Conservando las pistas -- Método y ciencia. | ||
| 650 |
_aHombre prehistóricos _943116 |
||
| 650 |
_aHistoria _9136 |
||
| 650 |
_aAztecas _98117 |
||
| 650 |
_aEspaña _9176 |
||
| 942 |
_2ddc _cLIBROS |
||
| 945 | _arcc | ||